| 000 | 00854nam a2200229Ii 4500 | ||
|---|---|---|---|
| 003 | JO-AjNU | ||
| 008 | 230605s9999||||xx |||||||||||||| ||und|| | ||
| 017 | _a2015/3/1221 | ||
| 020 | _a978-9957-98-132-7 | ||
| 040 |
_aJO-AjNU _bara _erda _cJO-AjNU |
||
| 041 | _aara | ||
| 050 | 1 | 4 | _aDS97.5.N83 2017 |
| 100 | 3 |
_aتاليف نعيسة، يوسف جميل, _eauthor _960812 |
|
| 245 | 0 | 0 | _aالمتغيرات التي طرأت على بلاد الشام في ظل حكم محمد علي باشا (1247-1256 هـ)/(1831-1840مـ) |
| 250 | _aط1 | ||
| 264 | 3 | 1 | _aعمان: دار الاعصار العلمي للنشر والتوزيع، 2017 |
| 300 | _a133ص | ||
| 336 |
_atext _btxt _2rdacontent |
||
| 337 |
_aunmediated _bn _2rdamedia |
||
| 338 |
_avolume _bnc _2rdacarrier |
||
| 650 | 4 |
_aتاريخ سوريا-التاريخ الاسلامي _960813 |
|
| 999 |
_aA27449 _c31017 _d31017 |
||